| 000 | 00513nam a2200169 a 4500 | ||
|---|---|---|---|
| 005 | 20140412111240.0 | ||
| 008 | 010416s19uu xx 00 eng d | ||
| 020 | _a971-08-3549-1 | ||
| 050 |
_aTR(PS E _bGl52 1981 |
||
| 100 | _aRaabe, Janis Asad | ||
| 245 |
_aGlub Glub / _cby Janis Asad Raabe; illustrated by Frederick Cross. |
||
| 260 |
_aCleveland, Ohio : _bModern Curriculum Press, Inc, _c1981. |
||
| 300 | _a8p. ; ill. | ||
| 440 | _aPrimary Readers Set 3, Blends | ||
| 650 | _aPhonetics | ||
| 999 |
_c102653 _d102653 |
||